<?xml version="1.0" encoding="UTF-8"?>
<marc:record xmlns:marc="http://www.loc.gov/MARC21/slim">
   <marc:leader>00000nam a2200000 a 4500</marc:leader>
   <marc:datafield ind1="1" ind2=" " tag="100">
      <marc:subfield code="a">Lustiges Taschenbuch. Spezial. Abenteuer unter Was</marc:subfield>
      <marc:subfield code="4">aut</marc:subfield>
      <marc:subfield code="e">Verfasser/-in</marc:subfield>
   </marc:datafield>
   <marc:datafield ind1="1" ind2=" " tag="100">
      <marc:subfield code="a">Walt Disney</marc:subfield>
   </marc:datafield>
   <marc:datafield ind1=" " ind2=" " tag="653">
      <marc:subfield code="a">Donald Duck</marc:subfield>
   </marc:datafield>
   <marc:datafield ind1=" " ind2=" " tag="653">
      <marc:subfield code="a">Ente</marc:subfield>
   </marc:datafield>
   <marc:datafield ind1=" " ind2=" " tag="653">
      <marc:subfield code="a">Wasser</marc:subfield>
   </marc:datafield>
   <marc:datafield ind1=" " ind2=" " tag="653">
      <marc:subfield code="a">Comic</marc:subfield>
   </marc:datafield>
   <marc:datafield ind1="0" ind2="0" tag="245">
      <marc:subfield code="a">Lustiges Taschenbuch. Spezial. Abenteuer unter Wasser</marc:subfield>
   </marc:datafield>
   <marc:datafield ind1=" " ind2="1" tag="264">
      <marc:subfield code="a">Berlin</marc:subfield>
      <marc:subfield code="b">Egmont Ehapa</marc:subfield>
      <marc:subfield code="c">2016</marc:subfield>
   </marc:datafield>
   <marc:datafield ind1="1" ind2=" " tag="490">
      <marc:subfield code="a">Lustiges Taschenbuch Spezial</marc:subfield>
      <marc:subfield code="v">72</marc:subfield>
   </marc:datafield>
   <marc:datafield ind1="1" ind2=" " tag="520">
      <marc:subfield code="a">Wie jeder weiß birgt die Unterwasserwelt unendlich viele Geheimnisse und niemand kann so recht sagen welche sagenhaften versunkenen Schätze auf dem Meeresgrund darauf warten gefunden zu werden. Wenn es um die Vermehrung seines Reichtums geht, ist Onkel Dagobert natürlich an vorderster Front zu finden, als ihn die Meldung eines verloren geglaubten Schiffswracks erreicht. Bei der Versteigerung der "Goldania" kommt ihm aber ausgerechnet Klaas Klever zuvor - das kann Dagobert Duck freilich nicht auf sich sitzen lassen. Unterdessen sind Tick, Trick und Track als Scouts für den Tauchklub in der Karibik tätig und stoßen auf einer Tauchmission ins Korallenriff auf drei mysteriöse Reagenzgläser. Als plötzlich Trick verschwindet beginnt eine verzweifelte Suche, die die Ducks auf die Spur eines üblen Verbrechens führt. Was hat es mit den Reagenzgläsern auf sich und können sie Trick wiederfinden?#</marc:subfield>
   </marc:datafield>
   <marc:datafield ind1=" " ind2=" " tag="020">
      <marc:subfield code="a">9783841323729</marc:subfield>
      <marc:subfield code="9">9783841323729</marc:subfield>
   </marc:datafield>
   <marc:datafield ind1=" " ind2=" " tag="041">
      <marc:subfield code="a">ger</marc:subfield>
   </marc:datafield>
   <marc:datafield ind1=" " ind2=" " tag="300">
      <marc:subfield code="a">512 S.</marc:subfield>
   </marc:datafield>
</marc:record>
